Logiques

Guardat en:
Dades bibliogràfiques
Autor principal: Sollers, Philippe (Autor)
Format: Llibre
Idioma:francès
Publicat: París Editions du Seuil 1968
Col·lecció:Collection "Tel Quel"
Matèries:
Etiquetes: Afegir etiqueta
Sense etiquetes, Sigues el primer a etiquetar aquest registre!

MARC

LEADER 00000nam a2200000 a 4500
001 UCY7437
003 CL-VaPUC
008 950614e19680000FR |||||||||||||||||fre|d
082 0 4 |a 840.9  |b SOL  |2 21 
100 0 |a Sollers, Philippe  |e author  |9 337973 
245 1 0 |a Logiques 
300 |a 300 p 
942 |c BK 
945 |d 19950614 00:00:00  |a rbrito 
260 |a París  |b Editions du Seuil  |c 1968 
650 0 |a Literatura francesa  |9 266330 
650 0 |a Crítica literaria   |9 269189 
583 |a last modification  |c 19950614 00:00:00  |k Rodrigo Vera 
490 0 |a Collection "Tel Quel" 
999 |c 234831  |d 234829 
952 |0 0  |1 0  |4 0  |6 840_900000000000000_SOL_1968  |7 0  |8 A  |9 241568  |a BIBART  |b BIBART  |d 2019-11-18  |i 2006472  |o 840.9 SOL 1968  |p 2006472  |r 2025-03-13  |w 2019-11-18  |y BK  |k ART